LDR 01007naa#a2200169#i#450# 001 RU\\bibl\119690 005 20260418083349.6 011 ## _a2782-4586 100 ## _a20260331b2026####ek#y0rusy0150####ca 102 ## _aRU 200 1# _aВзаимодействие органов местного самоуправления, органов регионального и государственного управления в системе обеспечения экономической безопасности региона _eЖурнальная статья 210 1# _aМосква _cУниверситет ИТБО _d2026 215 ## _a6 с. 608 ## _aЖурнальная статья _2local 675 ## _aЭкономическое положение. Экономическая политика. Управление и планирование в экономике. Производство. Услуги. Цены. 338 _z 700 #1 _aАнохов _gАлексей Владимирович 856 4# _ajomeam.ru _u